[Event "Florence op 17th"]
[Site "Florence"]
[Date "2009.12.07"]
[Round "4"]
[White "Lorenzetti, Giacomo"]
[Black "Nones, Giorgio"]
[Result "0-1"]
[WhiteElo "1825"]
[BlackElo "2053"]
[PlyCount "112"]
[EventDate "2009.12.06"]
[EventType "swiss"]
[EventRounds "6"]
[EventCountry "ITA"]
[SourceTitle "EXT 2012"]
[Source "ChessBase"]
[SourceDate "2011.11.24"]
[SourceVersion "1"]
[SourceVersionDate "2011.11.24"]
[SourceQuality "1"]

1. e4 c5 2. Nc3 e6 3. Nge2 a6 4. a3 Qc7 5. g3 Nc6 6. Bg2 Nf6 7. 0-0 Be7 8. d3 d6 9. h3 0-0 10. f4 Bd7 11. g4 Nd4 12. Be3 Nxe2+ 13. Qxe2 Bc6 14. g5 Nd7 15. h4 f5 16. Rae1 Rae8 17. Qd2 Nb6 18. b3 d5 19. Ne2 dxe4 20. dxe4 Rd8 21. Qc1 Rd7 22. a4 Rfd8 23. Rd1 Rxd1 24. Rxd1 Rxd1+ 25. Qxd1 fxe4 26. Ng3 c4 27. Bxe4 Nd5 28. Qf3 cxb3 29. cxb3 Nxe3 30. Qxe3 Bxa4 31. Qf3 Qc1+ 32. Kh2 Qb2+ 33. Kh3 Qxb3 34. Bxb7 Qxf3 35. Bxf3 a5 36. Nf1 Bb4 37. Ne3 Bb3 38. Bd1 Bxd1 39. Nxd1 a4 40. Ne3 a3 41. Nc2 a2 42. Kg4 Bc3 43. Kf3 a1Q 44. Nxa1 Bxa1 45. Ke4 Kf7 46. h5 g6 47. h6 Ke7 48. Ke3 Kd6 49. Ke4 Bb2 50. Kf3 Kd5 51. Ke3 Bc1+ 52. Kf3 Kd4 53. Kg3 Ke4 54. Kg4 Bxf4 55. Kh4 Kf3 56. Kh3 e5 0-1